| 000 | 01884cam a22004814i 4500 | ||
|---|---|---|---|
| 003 | PE-LiUPU | ||
| 005 | 20250731184603.0 | ||
| 008 | 150616s r 000 0 d | ||
| 035 | _a(Sirsi) a5356 | ||
| 040 |
_aPE-LiUPU _bspa _cPE-LiUPU _erda |
||
| 049 | _aPRUA | ||
| 082 | 0 | 4 |
_a985 _bH78 _221 |
| 100 | 1 |
_aHouse, J. B., _eautor. |
|
| 245 | 1 | 0 |
_aAtahualpa : _bel hijo del sol / _cJ.B. House. |
| 264 | 1 |
_aBuenos Aires : _bEditorial de Ediciones Selectas, _c1964. |
|
| 300 |
_a399 páginas ; _c22 cm. |
||
| 336 |
_atext _2rdacontent |
||
| 337 |
_aunmediated _2rdamedia |
||
| 338 |
_avolume _2rdacarrier |
||
| 505 | 0 | _aEl ocaso del Inti -- El despertar del Otorongo -- La castilla de oro -- Los conquistadores del infortunio -- La ciudad santa -- El capitán de hierro -- Castillo de nieve -- El embrujo de las piedras verdes -- El grito del Mallku Khuntur -- La batalla -- El estremecimiento del Ande -- La cruz de fuego -- El estruendo de Supay -- La violación de la Aclahuasi -- El último inca -- El augur de Atahualpa. | |
| 526 | _aP136 | ||
| 526 | _aP135 | ||
| 526 | _aP134 | ||
| 526 | _aP133 | ||
| 526 | _aP144 | ||
| 526 | _aP143 | ||
| 526 | _aP87 | ||
| 526 | _aP35 | ||
| 526 | _aP20 | ||
| 526 | _aP14 | ||
| 526 | _aP10 | ||
| 526 | _aP06 | ||
| 650 | 0 | 4 |
_aAtahualpa, _cInca, _d1500?-1533 _vNovelas. |
| 650 | 1 | 4 |
_aNovelas argentinas _ySiglo XX. |
| 650 | 2 | 4 |
_aIncas _vNovelas. |
| 910 |
_ajck _bjvq _cjck |
||
| 942 |
_2ddc _cBOOK |
||
| 949 |
_a985 H78 _wDEWEY _c1 _i10333 _lCCODEBUL1 _mBUL _p00.00 _r0 _sY _tBOOK _u2015-04-23 _xEDUCACION _PP20 _0COMPRA _o.STAFF. Colección General |
||
| 994 |
_aC0 _bPEPRU |
||
| 596 | _a1 | ||
| 999 |
_a985 H78 _wDEWEY _c56282 _i10333 _f2021-11-8 _g5 _lCCODEBUL1 _mBUL _r0 _sY _tBOOK _u2015-4-23 _xBIBLIOTECA _PP20 _0COMPRA _o.STAFF. Colección General _d56282 |
||
| 980 |
_81 _gALBERTO SANCHEZ Responsable de Automatización |
||